• 首页
  • 本馆介绍
  • 公告通知
  • 最新文献
  • 馆藏检索
  • 电子资源
  • 读者导购
  • 参考咨询
  • 我的图书馆
  • 登录
  • 详细信息显示
  • 放入我的书架
  • 预约/预借图书
  • 作者相关作品
  • 分类相关作品
  • 丛书相关作品
  • 出版社相关作品

书目信息

  • 表格格式
  • 工作单格式
  • 卡片格式
题名:
超越写真的DSLR人像摄影
    
 
作者: 郑宗哲 , 洪正基 著 ;李敏 译
分册:  
出版信息: 北京   人民邮电出版社  2009
页数: 235页
开本: 23cm
丛书名:
单 册:
中图分类: TB86 , J416
科图分类:
主题词: 数字照相机--单镜头反光照相机--人像摄影--摄影技术 , 数字照相机 , 单镜头反光照相机
电子资源:
ISBN: 978-7-115-21446-1
000 01136nam0 22002771 45
005 20100303150316.06
010    @a978-7-115-21446-1@dCNY49.00
100    @a20091222d2009 em y0chiy50 ea
101 1  @achi@ckor
102    @aCN@b110000
105    @ay z 000yy
106    @ar
200 1  @a超越写真的DSLR人像摄影@AChao Yue Xie Zhen De DSLR Ren Xiang She Ying@f(韩)郑宗哲,(韩)洪正基著@F( Han ) Zheng Zong Zhe, ( Han ) Hong Zheng Ji Zhu@g李敏译
210    @a北京@c人民邮电出版社@d2009
215    @a235页@d23cm
330    @a本书精选与人像摄影直接相关的知识点进行讲解,如自由表现景深的光圈、突出模特的选择性对焦、控制时间的快门速度、白平衡与色温等;并配合大量图例剖析人像拍摄中的关键技法,如拍摄人像时的取景与构图、拍摄角度与位置的选取、用光与主题色调的控制、背景与服饰的配色等。
606 0  @a数字照相机@x单镜头反光照相机@x人像摄影@x摄影技术
606 0  @a数字照相机
606 0  @a单镜头反光照相机
690    @aTB86@v4
690    @aJ416@v4
701  0 @a郑宗哲@AZheng Zong Zhe@4著
701  0 @a洪正基@AHong Zheng Ji@4著
702  0 @a李敏@ALi Min@4译
801  0 @aCN@bTANGWEI@c20100303
905    @b0583764-68@dTB86@e141@f5
    
    超越写真的DSLR人像摄影/(韩)郑宗哲,(韩)洪正基著/李敏译.-北京:人民邮电出版社,2009
    235页;23cm
    
    
    ISBN 978-7-115-21446-1:CNY49.00
    本书精选与人像摄影直接相关的知识点进行讲解,如自由表现景深的光圈、突出模特的选择性对焦、控制时间的快门速度、白平衡与色温等;并配合大量图例剖析人像拍摄中的关键技法,如拍摄人像时的取景与构图、拍摄角度与位置的选取、用光与主题色调的控制、背景与服饰的配色等。
●
相关链接 在E读中查询图书 在五车中查询图书 在当当中查询图书 在豆瓣中查询图书


正题名:超越写真的DSLR人像摄影     索取号:TB86/141         预约/预借

序号 登录号 条形码 馆藏地/架位号 状态 备注
1 0583764   205837647   第二样本阅览室/ [索取号:TB86/141] 在馆    
2 0583765   205837656   第三借阅区/ [索取号:TB86/141] 在馆    
3 0583766   205837665   第三借阅区/ [索取号:TB86/141] 在馆    
4 0583767   205837674   第三借阅区/ [索取号:TB86/141] 在馆    
5 0583768   205837683   第三借阅区/ [索取号:TB86/141] 在馆    
唐山师范学院图书馆 欢迎您!
大连网信软件有限公司© 版权所有